|
|
|
|
| LEADER |
00000nkm a2200000 a 4500 |
| 001 |
vtls011973623 |
| 003 |
SK-MaSNL |
| 005 |
20260512124908.0 |
| 007 |
kp bo |
| 008 |
231120q1942 xo g kuslo |
| 015 |
|
|
|a SNBG1942
|
| 035 |
|
|
|a urn:nbn:sk:snk-km00ef79
|
| 035 |
|
|
|a urn:nbn:sk:snk-km43dta
|
| 035 |
|
|
|a D40C726C-20F1-4A33-9E3B-7C14DD9A8C7F
|
| 040 |
|
|
|a SNK
|b slo
|c SNK
|e AACR2
|
| 041 |
0 |
|
|a slo
|
| 043 |
|
|
|a e-xo---
|
| 044 |
|
|
|a xo
|c SK
|
| 072 |
|
7 |
|a 913
|x Regionálna geografia
|2 konspekt
|
| 080 |
|
|
|a 913(437.6)
|2 2011
|
| 080 |
|
|
|a 728.82
|2 2011
|
| 080 |
|
|
|a (084.121)
|2 2011
|
| 080 |
|
|
|a 726:27-523.42
|2 2011
|
| 080 |
|
|
|a 27‑523.42:274.5(439.22)
|2 2011
|
| 245 |
0 |
0 |
|a Zvolen
|h grafika
|
| 246 |
1 |
|
|i Názov na obrazovej časti:
|a Zvolen
|
| 260 |
|
|
|a [Bratislava?]
|b [Slovakotour?]
|c [1942?]
|
| 300 |
|
|
|a 1 pohľadnica
|b čiernobiela
|c 9 x 14 cm
|
| 500 |
|
|
|a Číslo záberu 38
|
| 500 |
|
|
|a Vydavateľské údaje prevzaté zo známky z adresnej časti
|
| 520 |
8 |
|
|a Zobrazenie: Pohľad v bielom orámovaní z lúky na mesto v poazdí. Vľavo v popredí vidno naukladané narúbané kusy dreva na kopu, vpravo od nej je prístrešok a vpravo od neho husté koruny listnatých stromov pred sedlovými strechami nízkych budov. V pozadí vidno budovy mesta. Medzi nimi vľavo celkom vzadu Zvolenský zámok. Vpravo a uprostred kostoly. Uprostred je Evanjelický kostol sv. Trojice. Vpravo je Kostol sv. Alžbety. Pozadie za mestom tvoria hory
|
| 610 |
2 |
7 |
|a Zvolenský zámok
|2 SNKKA
|9 231245
|
| 650 |
0 |
7 |
|a zámky
|2 SNKPH
|9 3041
|
| 650 |
0 |
7 |
|a kostoly
|2 SNKPH
|9 3023
|
| 650 |
0 |
7 |
|a evanjelické kostoly
|2 SNKPH
|9 86148
|
| 651 |
|
7 |
|a Zvolen (Slovensko)
|2 SNKPHgeo
|9 14595
|
| 655 |
|
7 |
|a miestne pohľadnice
|2 SNKPH
|9 70510
|
| 852 |
|
|
|a Slovenská národná knižnica
|
| 954 |
|
|
|a pohľadnice pôvodné (slovenské)
|2 lita
|
| 958 |
|
|
|a GC
|
| 958 |
|
|
|a GBN
|
| 958 |
|
|
|a OND
|
| 958 |
|
|
|a EUIPO
|
| 999 |
|
|
|c 951978
|d 953908
|
| 952 |
|
|
|a SNK
|b SNK
|y PREZ
|7 0
|p 17A1411747
|o snkSP 137117
|z Pohľadnica prešla poštou. ; Na adresnej časti pohľadnice sa nachádza známka Slovakotouru v hodnote 15h.
|0 0
|1 0
|4 0
|d 2020-06-12
|f 1
|l 0
|r 2026-02-24 09:52:00
|w 2026-02-24
|